|
|
|
|
| LEADER |
02025nam a2200313 a 4500 |
| 001 |
GR-MES4931 |
| 008 |
991111s1997 gr 000 0 gre d |
| 020 |
|
|
|a 9603511455
|
| 040 |
|
|
|a GrPaTEI
|b gre
|c GR-PaULI
|
| 082 |
|
0 |
|a 582.16
|2 21ed
|
| 100 |
1 |
|
|a Ποντίκης, Κωνσταντίνος Α.
|
| 245 |
1 |
0 |
|a Γενική δενδροκομία /
|c Κωνσταντίνος Ποντίκης.
|
| 260 |
|
|
|a Αθήνα :
|b Σταμούλης Α,
|c 1997
|
| 300 |
|
|
|a 526σελ. :
|b σχημ.
|
| 500 |
|
|
|a Σύστημα Εύδοξος αρ εισ 27586
|
| 504 |
|
|
|a βιβλιογραφία σ.487-526
|
| 610 |
|
4 |
|a Σύστημα ΕΥΔΟΞΟΣ
|
| 650 |
|
4 |
|a Δενδροκομία
|
| 650 |
|
4 |
|a ΔΕΝΤΡΑ
|
| 650 |
|
4 |
|a Καρποφόρα δένδρα
|
| 710 |
0 |
|
|a Σταμούλης Α
|
| 942 |
|
|
|2 ddc
|
| 952 |
|
|
|0 0
|1 0
|2 ddc
|4 0
|6 634_000000000000000_ΠΟΝ
|7 0
|9 269560
|a MSLG
|b MSLG
|c BSC
|d 2021-01-17
|e 24
|f 0
|g 0.00
|l 0
|o 634 ΠΟΝ
|p 2420000014587
|r 2021-01-17 00:00:00
|t 1
|v 2021.00
|w 2021-01-17
|y BK15
|x Μεταφορά από Αμαλιάδα (18/10/22)
|x GrPaTEI
|
| 952 |
|
|
|0 0
|1 0
|2 ddc
|4 0
|6 634_000000000000000_ΠΟΝ
|7 0
|9 269561
|a MSLG
|b MSLG
|c BSC
|d 2021-01-17
|e 24
|f 0
|g 0.00
|l 0
|o 634 ΠΟΝ
|p 2420000017712
|r 2021-01-17 00:00:00
|t 1
|v 2021.00
|w 2021-01-17
|y BK15
|x Μεταφορά από Αμαλιάδα (18/10/22)
|x GrPaTEI
|
| 952 |
|
|
|0 0
|1 0
|2 ddc
|4 0
|6 634_000000000000000_ΠΟΝ
|7 1
|9 269563
|a LISK
|b LISK
|c EUD
|d 2021-01-17
|e 24
|f 0
|g 0.00
|l 0
|o 634 ΠΟΝ
|p 92410061783
|r 2021-01-17 00:00:00
|t 1
|w 2021-01-17
|y BKN
|x Purchase/Donation Number
|x General Note
|x GrPaTEI
|
| 952 |
|
|
|0 0
|1 0
|2 ddc
|4 0
|6 634_000000000000000_ΠΟΝ
|7 0
|9 269564
|a MSLG
|b MSLG
|c EUD
|d 2021-01-17
|e 24
|f 0
|g 0.00
|i 27586
|l 0
|o 634 ΠΟΝ
|p 2420000027586
|r 2021-01-17 00:00:00
|t 1
|v 2021.00
|w 2021-01-17
|y BK15
|x 20150121 0 Κ.Γ. 1
|x GrPaTEI
|
| 952 |
|
|
|0 0
|1 0
|2 ddc
|4 0
|6 634_000000000000000_ΠΟΝ
|7 0
|9 269565
|a MSLG
|b MSLG
|c EUD
|d 2021-01-17
|e 24
|f 0
|g 0.00
|l 0
|o 634 ΠΟΝ
|p 99242000029213
|r 2021-01-17 00:00:00
|t 1
|w 2021-01-17
|y BK15
|x GrPaTEI
|
| 971 |
|
|
|a .b25759784
|b 01-10-20
|c 13-09-16
|
| 999 |
|
|
|c 155555
|d 155555
|